IDM Info (Record no. 5618)

MARC details
000 -LEADER
fixed length control field 00609nas a22001937i 4500
001 - CONTROL NUMBER
control field 5910
003 - CONTROL NUMBER IDENTIFIER
control field OSt
005 - DATE AND TIME OF LATEST TRANSACTION
control field 20170126082350.0
007 - PHYSICAL DESCRIPTION FIXED FIELD--GENERAL INFORMATION
fixed length control field tu
008 - FIXED-LENGTH DATA ELEMENTS--GENERAL INFORMATION
fixed length control field 161220s2009 xxu||||| |||| 00| 0 d
024 7# - OTHER STANDARD IDENTIFIER
Standard number or code 5910
Source of number or code RID
024 7# - OTHER STANDARD IDENTIFIER
Standard number or code 5910
Source of number or code RSN (alt)
040 ## - CATALOGING SOURCE
Transcribing agency OSt
110 2# - MAIN ENTRY--CORPORATE NAME
Corporate name or jurisdiction name as entry element Institut für den Donauraum und Mitteleuropa (IDM)
245 00 - TITLE STATEMENT
Title IDM Info
Remainder of title Institut für den Donauraum und Mitteleuropa
260 ## - PUBLICATION, DISTRIBUTION, ETC.
Place of publication, distribution, etc. Wien :
Name of publisher, distributor, etc. Institut für den Donauraum und Mitteleuropa,
Date of publication, distribution, etc. 2009-.
866 #0 - TEXTUAL HOLDINGS--BASIC BIBLIOGRAPHIC UNIT
-- 2001/14 ff;- 2010/4 ; Sonderheft 2010
866 #0 - TEXTUAL HOLDINGS--BASIC BIBLIOGRAPHIC UNIT
-- Bestände unvollständig:<br><br>vorhanden:<br>2003/5, 7-8<br>2004/1 -
942 ## - ADDED ENTRY ELEMENTS (KOHA)
Koha item type Journal

No items available.

The Vienna Instiute for International Economic Studies (wiiw)